قبور ما قبل التاريخ فى البثنة : (رقم التسجيلة. 143522)

تفاصيل مارك
000 -LEADER
fixed length control field 01229cam a2200301 a 4500
003 - CONTROL NUMBER IDENTIFIER
control field EG-GiCUC
008 - FIXED-LENGTH DATA ELEMENTS--GENERAL INFORMATION
fixed length control field 160504s2013 ts a g 000 0 ara d
040 ## - CATALOGING SOURCE
Original cataloging agency EG-GiCUC
Language of cataloging ara
Transcribing agency EG-GiCUC
041 1# - LANGUAGE CODE
Language code of text/sound track or separate title ara
Language code of original fre
043 ## - GEOGRAPHIC AREA CODE
Geographic area code a-ts---
092 04 - LOCALLY ASSIGNED DEWEY CALL NUMBER (OCLC)
Classification number 953.57
Item number Q29
Edition number 21
099 ## - LOCAL FREE-TEXT CALL NUMBER (OCLC)
Classification number 04
-- 953.57 Q29
245 00 - TITLE STATEMENT
Title قبور ما قبل التاريخ فى البثنة :
Remainder of title امارة الفجيرة /
Statement of responsibility, etc. تأليف بيير كوربود وآخرون ؛ ترجمة بدر الدين محمود
250 ## - EDITION STATEMENT
Edition statement ط1
260 ## - PUBLICATION, DISTRIBUTION, ETC.
Place of publication, distribution, etc. الامارات العربية المتحدة : الفجيرة :
Name of publisher, distributor, etc. هيئة الفجيرة للثقافة و الاعلام :
Date of publication, distribution, etc. 2013
300 ## - PHYSICAL DESCRIPTION
Extent 192ص :
Other physical details ؛ ايض
Dimensions 32سم
546 ## - LANGUAGE NOTE
Language note الترجمة العربية لـ : Les Tombes Protohistoriques.....
651 #7 - SUBJECT ADDED ENTRY--GEOGRAPHIC NAME
Geographic name الفجيرة
General subdivision الآثار
Source of heading or term qrmak
651 #7 - SUBJECT ADDED ENTRY--GEOGRAPHIC NAME
Geographic name الفجيرة
General subdivision المقابر
Source of heading or term qrmak
651 #7 - SUBJECT ADDED ENTRY--GEOGRAPHIC NAME
Geographic name الفجيرة
General subdivision تاريخ
Source of heading or term qrmak
700 1# - ADDED ENTRY--PERSONAL NAME
Personal name كوربود : بيير
700 1# - ADDED ENTRY--PERSONAL NAME
Personal name محمود : بدر الدين
902 ## - LOCAL DATA ELEMENT B, LDB (RLIN)
No. of Items 1
905 ## - LOCAL DATA ELEMENT E, LDE (RLIN)
Cataloger جيهان
Reviser مراجع
905 ## - LOCAL DATA ELEMENT E, LDE (RLIN)
Cataloger عفاف
Reviser مدخل
942 ## - ADDED ENTRY ELEMENTS (KOHA)
Source of classification or shelving scheme Dewey Decimal Classification
Koha item type Books
المقتنيات
Source of classification or shelving scheme Not for loan Home library Current library Date acquired Full call number Barcode Date last seen Copy number Koha item type
Dewey Decimal Classification   المكتبة المركزبة الجديدة - جامعة القاهرة قاعة الانسانيات - الدور الثاني 11.02.2024 953.57 Q29 01000100145959000 23.09.2023 C.1 Books
Cairo University Libraries Portal Implemented & Customized by: Eng. M. Mohamady Contacts: new-lib@cl.cu.edu.eg | cnul@cl.cu.edu.eg
CUCL logo CNUL logo
© All rights reserved — Cairo University Libraries
CUCL logo
Implemented & Customized by: Eng. M. Mohamady Contact: new-lib@cl.cu.edu.eg © All rights reserved — New Central Library
CNUL logo
Implemented & Customized by: Eng. M. Mohamady Contact: cnul@cl.cu.edu.eg © All rights reserved — Cairo National University Library